000 00613nam a22001937a 4500
003 OSt
005 20200430094626.0
008 180705b xxu||||| |||| 00| 0 ara d
020 _a9231027697
040 _aLB-BrCRDP
082 _a379.23 W469t
100 _aدوغلاس م. وندهام
245 _aالتربية للجميع : المتطلبات
260 _aعمان
_bاليونسكو
_c1992
300 _aص109
_cسم29
630 _aموضوعات اجتماعات المائدة المستديرة
630 _aالمؤتمر العالمي حول التربية للجميع
942 _2ddc
_cBK
999 _c19479
_d19479